LEADER 01093nam a2200313 i 4500 001 991000774039707536 005 20020507173420.0 008 010126s|||| de ||| | eng 020 $a3540656200 035 $ab10755354-39ule_inst 035 $aLE01302108$9ExL 040 $aDip.to Matematica$beng 082 0 $a516 084 $aAMS 51-04 084 $aCR F.2.2 084 $aCR I.3.5 100 1 $aBerg, Mark : de$0534961 245 10$aComputational geometry :$balgorithms and applications /$cMark de Berg ... [et al.] 250 $a2nd, rev. ed 260 $aBerlin ; New York :$bSpringer,$cc2000 300 $axii, 367 p. :$bill. ;$c25 cm. 500 $aIncludes bibliographical references (p. 341-357) and index 650 4$aGeometry-data processing 907 $a.b10755354$b21-09-06$c28-06-02 912 $a991000774039707536 945 $aLE013 51-XX BER21 (2000)$g1$i2013000125398$lle013$o-$pE0.00$q-$rl$s- $t0$u6$v0$w6$x0$y.i10849579$z28-06-02 996 $aComputational geometry$9911302 997 $aUNISALENTO 998 $ale013$b01-01-01$cm$da $e-$feng$gde $h0$i1 LEADER 00983nam a2200217 u 4500 001 991004334038107536 005 20240710113216.0 008 240710s2006 it a r 001 0 ita d 040 $aBibl. Interfacoltà T. Pellegrino$bita 041 0 $aita 082 0 $a759.962 245 02$aI pittori italiani in Egitto (1920-1960) :$batti della mostra - conferenza organizzate il 16 dicembre 2004 con il patrocinio del Ministero per gli Italiani nel mondo presso l'Accademia d'Egitto /$cAssociazione italiani d'Egitto 260 $aRoma :$bAIDE,$c2006 300 $a84 p., [17 c. di tav.] :$bill. ;$c24 cm 500 $aIn testa al frontespizio : AIDE, Associazione Italiani d'Egitto 650 4$aPittura$zEgitto$ySec. 20.$xEsposizioni$y2004 710 2 $aAccademia d'Egitto 710 2 $aAssociazione Italiani d'Egitto$eauthor$4http://id.loc.gov/vocabulary/relators/aut$01743133 912 $a991004334038107536 996 $aPittori italiani in Egitto (1920-1960)$94170115 997 $aUNISALENTO